000 00643nam a2200181 a 4500
001 000036818
005 20200930075944.0
008 120201s2010 dr 000 0 spa d
020 _a9789945003888
040 _aDO-SdBNP
_bspa
_cBNPHU
082 _axxxx
_bR789e
100 1 _aRosario Taveras, Urbaldo,
_d1967-
_963156
245 1 0 _aEstudio jurídico :
_bcontaminación por ruido. /
_cUrbaldo Rosario Taveras, Victor Montaño Torres.
260 _aSantiago de los Caballeros, República Dominicana :
_bEdiciones Escritos,
_c2010.
300 _a232 p. ;
_c21 cm.
504 _aBibliografía : p.231-232
700 1 _aMontaño Torres, Victor
_963157
999 _c36309
_d36309